| 000 | 00724nam a2200217 u 4500 | ||
|---|---|---|---|
| 001 | 000002204 | ||
| 005 | 20240412074159.0 | ||
| 008 | 090701s1975 dr r 000 0 spa d | ||
| 082 |
_aRD861.44 _bS246f |
||
| 100 | 1 |
_aSarmiento Moreno _97054 |
|
| 245 | 1 | 0 |
_aFuente poética / _cSarmiento Moreno. |
| 260 |
_aSanto Domingo : _bCírculo de escritores dominicanos, _c1975. |
||
| 300 |
_a31 p. : _bil., retrs. : ; _c21 cm. |
||
| 440 | 0 |
_aColección generación _97055 |
|
| 504 | _aIncluye referencias bibliográficas | ||
| 500 | _aIncluye datos biografícos del autor | ||
| 500 | _aEl nombre del autor es Donosor Féliz Ravelo | ||
| 650 | 0 |
_aPoesía dominicana _966 |
|
| 650 | 0 |
_aLiteratura dominicana. _967 |
|
| 999 |
_c2052 _d2052 |
||
| 040 | _aDO-SdBNP | ||